00576nam a2200193Ia 4500003000400000005001700004008004100021020001800062040001800080041000800098082002200106100001400128245010500142250001200247260003900259300002800298650001500326650004100341OSt20220509144204.0210716s2014 xx 000 0 und d a9788132119692 cAIMIT LIBRARY aeng a658.312522bRAOT aRao, T V. aPower of 360 degree feedback :bthe india way for leadership effectivenesscBy T.V Rao and Raju Rao. a2nd ed. aNew DelhibSage Publicationsc2014 axxviii, 256p.c21.5 cm. aLeadership aLessons from experience and research